000 00502nam a2200145 4500
999 _c8273
_d8273
008 180112b xxu||||| |||| 00| 0 eng d
022 _a01181831
082 _aDPer 613.05 H34 Jul-Nov 2013
100 _925594
_aDela Cruz, Stef.
245 _aMedical compromise:
_bhow often use Eastern and Western medicine in our lives/
_cStef Dela Cruz.
260 _aPhilippines:
_bMIMS Pte Ltd KDN,
_c©2013.
300 _apages 74-76:
_billustrations;
_c28 cm.
650 0 _925595
_aMedicine.
942 _2ddc
_cPER